| 000 | 00341nam a22001337a 4500 | ||
|---|---|---|---|
| 020 | _a0-19-566991-6 | ||
| 082 |
_a503 _bOXF/D |
||
| 100 | _aOXFORD | ||
| 245 |
_aOXFORD DICTIONARY OF SCIENCE _bINDIAN EDITION |
||
| 250 | _aFOURTH IMPRESSION | ||
| 260 |
_aDELHI _bOXFORD UNIVERSITY PRESS _c2005 |
||
| 650 |
_aSCIENCE REFERENCE _zINDIA |
||
| 942 | _cBK | ||
| 999 |
_c1422 _d1422 |
||